00363nam a2200121Ia 4500008004100000082002200041100002700063245011000090260001400200260001000214260000900224365000800233180713s9999 xx 000 0 und d a338.1 J7  a"Jena, Kartik Prasad " 0aAgriculture in India  aNew Delhi b NCBH c2014 b745